60's TV .. Finish The Title - Statistics

General Stats
  • This quiz has been taken 79 times
  • The average score is 6 of 15
Answer Stats
Hint Answer % Correct
The Addams ______ Family
100%
The Man From _____ Uncle
75%
Star ____ Trek
72%
Department _ S
65%
Coronation ______ Street
54%
The Forsyte ____ Saga
46%
Steptoe And ___ Son
42%
Mr. __ Ed
33%
The Likely ____ Lads
30%
The Rag _____ Trade
25%
Camberwick _____ Green
23%
Danger ___ Man
23%
George And The ______ Dragon
21%
Captain _______ Scarlet
14%
Meet The ____ Wife
9%
No matching quizzes found
Score Distribution
Percent of People with Each Score
Percentile by Number Answered
Your Score History
You have not taken this quiz